| 000 | 01073nas a2200289 4500 | ||
|---|---|---|---|
| 001 | BR8101984 | ||
| 003 | BR-BrBNA | ||
| 005 | 20231205084620.0 | ||
| 007 | ta | ||
| 008 | 230509b bl.|||p| |||| 00| 00por d | ||
| 040 |
_aBR-BrBNA _bpor _cBiblioteca Nacional de Agricultura |
||
| 041 | _a(Pt) | ||
| 072 | _aH10 | ||
| 100 | 1 | _aLink, D. | |
| 100 | 1 | _aCosta, E.C. | |
| 245 | 1 | _aOcorrencia de inimigos naturais da mosca branca, Bemisia tabaci (Gennadius, 1889), na cultura da soja [Glycine max; Santa Maria; Rio Grande do Sul; Brasil] | |
| 246 | 1 | _aOccurrence of natural enemies of the white-fly, Bemisia tabaci (Gennadius, 1889), on soybean plants [Glycine max; Santa Maria, Rio Grande do Sul; Brazil] | |
| 650 | _aPraga de planta | ||
| 650 | _aSoja | ||
| 650 | _aMosca branca | ||
| 650 | _aControle biologico | ||
| 650 | _aSanta Maria | ||
| 650 | _aRio Grande do Sul | ||
| 773 | 0 |
_tRevista do Centro de Ciencias Rurais (Brazil) _xISSN 0085-5901 _g(Jun 1980), v. 10(2) p. 111-113 _wBR8101984 |
|
| 909 |
_a202311 _bLúcia _c55 _dLúcia Elande |
||
| 942 |
_2AGRIS _n0 _cANA |
||
| 999 |
_c106263 _d106263 |
||